| 000 | 00421nam a2200181Ia 4500 | ||
|---|---|---|---|
| 003 | LK-CoDNM | ||
| 008 | 010623t1908 xxu||||| |||| 00| 1 sin d | ||
| 040 |
_aLK-CoDNM _dLK-CoDNM _eLK-CoDNM |
||
| 041 | _asin | ||
| 080 | _a104 J.15 | ||
| 245 | _aවිදුලිය | ||
| 246 | _aViduliya | ||
| 260 |
_bM.A.Perera _aColombo _c1908 |
||
| 300 | _b10p., 28 cm | ||
| 650 | _aCleanliness | ||
| 650 | _aMusic | ||
| 942 | _cBK | ||
| 999 |
_c86943 _d86943 |
||